| 000 | 00627nam a2200193 a 4500 | ||
|---|---|---|---|
| 001 | 000028459 | ||
| 005 | 20240304175024.0 | ||
| 008 | 110408s1966 dr 000 0 spa d | ||
| 040 |
_aDO-SdBNP _bspa _cBNPHU |
||
| 082 |
_axxx _bT649s, 1966 |
||
| 100 | 1 |
_aTolentino Dipp, Hugo, _d1930-2019 _912717 |
|
| 245 | 1 | 0 |
_aSignificado histórico de la fundación de Santo Domingo de Guzmán / _cHugo Tolentino Dipp. |
| 250 | _a2a ed. | ||
| 260 |
_aSanto Domingo : _bUniversidad Autónoma de Santo Domingo, _c1966. |
||
| 300 |
_a11 p. ; _c21 cm. |
||
| 490 | 1 |
_aConferencia _vno. 2 |
|
| 830 | 0 |
_aConferencia ; _vno. 2 _91181 |
|
| 049 | _aBNPD | ||
| 999 |
_c27951 _d27951 |
||